00627nam a2200193Ia 4500008004100000020001300041082001600054100001700070245004300087250000700130260003600137300002700173500000700200600002100207650005000228942000700278952013300285999001500418240925s9999 xx 000 0 und d a72131772 a005.133 SMI aSmiley, John 0aLearn to Program with Visual Basic.Net aNA aNew York:bMc Graw HIllc,2002. axvi,318p.bNAfPirated aNA aComputer Science aComputer science, information & general works cBK 001040708CSaUITUbUITUd2003-01-14eRoyal Book Company g2368.53l0o005.133 SMIpQ4812r2024-09-25 07:13:38w2024-09-25yBK c7311d7311